LDR 00873naa#a2200169#i#450# 001 RU\\bibl\118726 005 20260517212451.7 011 ## _a1994-4683 100 ## _a20230428b2023####ek#y0rusy0150####ca 102 ## _aRU 200 1# _aВЫЯВЛЕНИЕ НАИБОЛЕЕ ЭФФЕКТИВНЫХ ТЕХНИЧЕСКИХ ПРИЕМОВ, ВЫПОЛНЕННЫХ САМБИСТАМИ НА ЧЕМПИОНАТЕ МИРА ПО САМБО 2022 В ГОРОДЕ БИШКЕК _eЖурнальная статья 210 1# _aМосква _cНациональный государственный Университет физической культуры, спорта и здоровья им. П.Ф. Лесгафта _d2023 215 ## _a3 с. 608 ## _aЖурнальная статья _2local 675 ## _aСамбо. 796.814 _z 700 #1 _aНикишкин _gВ В 856 4# _auchzapiski.lesgaft.spb.ru _u